| 000 | 00622cab a2200229 4500 | ||
|---|---|---|---|
| 001 | WB3508-30 | ||
| 008 | 090401t1999 xxu||||| |||| 00| 0 eng d | ||
| 035 | _a(Sirsi) u91630 | ||
| 041 | _aeng | ||
| 245 | _aCompany law review | ||
| 260 | _c1999 | ||
| 350 | _a0 | ||
| 490 |
_aFinancial Times _v26 February 1999, 9&15(3) |
||
| 520 | _aThe Company Law Review Steering Group has published its recommendations for reviewing company law. | ||
| 650 | _aACCOUNTING STANDARDS | ||
| 650 | _aCOMPANY LAW | ||
| 650 | _aCONSULATION PAPER | ||
| 650 | _aSTAKEHOLDERS | ||
| 690 | _aLAW | ||
| 942 | _n0 | ||
| 948 | _c26/02/1999 | ||
| 999 |
_c58184 _d58184 |
||